Thiết kế và sử dụng bài giảng điện tử hỗ trợ dạy học vật lý chương " Điện tích, điện trường" vật lý 11 cơ bản trung học phổ thông

Cơ sở lý luận và thực tiễn của đề tài. Thiết kế bài giảng điện tử hỗ trợ việc dạy và học chương “Điện tích - Điện trường” Vật lí 11 THPT..

محفوظ في:
التفاصيل البيبلوغرافية
المؤلف الرئيسي: Nguyễn Thị Thu Hiền
مؤلفون آخرون: Phạm Kim Chung TS. (Hướng dẫn)
التنسيق: كتاب
اللغة:Vietnamese
منشور في: Hà nội Đại học Quốc gia Hà Nội - Trường ĐH Giáo dục 2013
الموضوعات:
الوسوم: إضافة وسم
لا توجد وسوم, كن أول من يضع وسما على هذه التسجيلة!
Thư viện lưu trữ: Mạng thư viện Đại học Đà Nẵng
LEADER 01948nam a2200385 4500
001 000020315
003 16760
005 20150316150309.0
008 150316s2013 viesd
041 |a vie 
082 1 4 |a 537.210712  |b NG-H 
100 |a Nguyễn Thị Thu Hiền 
245 1 |a Thiết kế và sử dụng bài giảng điện tử hỗ trợ dạy học vật lý chương " Điện tích, điện trường" vật lý 11 cơ bản trung học phổ thông  |c Nguyễn Thị Thu Hiền ; Phạm Kim Chung hướng dẫn.  |k Luận văn Thạc sĩ 
260 |a Hà nội  |b Đại học Quốc gia Hà Nội - Trường ĐH Giáo dục  |c 2013 
300 |a 125 tr.  |c 29 cm. 
500 |a Luận văn thạc sĩ Khoa học. Chuyên ngành: Lý luận và phương pháp dạy học ( bộ môn Vật Lý). Mã số: 60.14.10 
520 |a Cơ sở lý luận và thực tiễn của đề tài. Thiết kế bài giảng điện tử hỗ trợ việc dạy và học chương “Điện tích - Điện trường” Vật lí 11 THPT.. 
650 0 4 |a Điện tích - điện trường (tĩnh điện học)  |v Luận văn tôt nghiệp  |x Bài giảng điện tử  |x Phương pháp dạy học 
653 |a TĨnh điện học 
653 |a Phướng pháp dạy học môn Lý 
653 |a Giáo dục THPT 
653 |a Vật lý 11 
653 |a Điện tích 
653 |a Điện trường 
700 1 |a Phạm Kim Chung  |c TS.  |e Hướng dẫn 
OWN |a LSP 
AVA |a UDN50  |b LSP  |d 537.210712 NG-H  |e available  |t Error 5001 Not defined in file expand_doc_bib_avail.  |f 1  |g 0  |h N  |i 0  |k 1 
999 |a From the UDN01 
AVA |a UDN50  |b LSP  |d 537.210712 NG-H  |e available  |t Error 5001 Not defined in file expand_doc_bib_avail.  |f 1  |g 0  |h N  |i 0  |k 1 
TYP |a Monograph 
TYP |a Printed language 
980 |a Mạng thư viện Đại học Đà Nẵng